| 000 | 00412nam a2200157Ia 4500 | ||
|---|---|---|---|
| 008 | 221030s9999 xx 000 0 und d | ||
| 020 | _a0070435324 | ||
| 041 | _aEnglish | ||
| 082 |
_a105.23 _bSyn |
||
| 100 | _aSyngress Media | ||
| 245 | 0 |
_aMCSE Windows 2000 Professional Study Guide (Exam 70-210) _cby Syngress Media |
|
| 260 |
_bTMH _aNew Delhi _c2000 |
||
| 300 | _a793 | ||
| 650 | _aBE Computer | ||
| 942 | _cBK | ||
| 999 |
_c5962 _d5962 |
||